Resilience engineering in practice. (Record no. 97822)

MARC details
000 -LEADER
fixed length control field 01132cam a2200325 i 4500
008 - FIXED-LENGTH DATA ELEMENTS--GENERAL INFORMATION
fixed length control field
020 ## - INTERNATIONAL STANDARD BOOK NUMBER
International Standard Book Number 9781472425157 (hardback)
040 ## - CATALOGING SOURCE
Original cataloging agency NUST
Transcribing agency NUST
049 ## - LOCAL HOLDINGS (OCLC)
Holding library MAIN
090 00 - LOCALLY ASSIGNED LC-TYPE CALL NUMBER (OCLC); LOCAL CALL NUMBER (RLIN)
Classification number (OCLC) (R) ; Classification number, CALL (RLIN) (NR) TA169
Local cutter number (OCLC) ; Book number/undivided call number, CALL (RLIN) RES
003 - CONTROL NUMBER IDENTIFIER
control field
005 - DATE AND TIME OF LATEST TRANSACTION
control field 20230120144506.0
245 00 - TITLE STATEMENT
Title Resilience engineering in practice.
Number of part/section of a work Volume 2,
Name of part/section of a work Becoming resilient /
Statement of responsibility, etc. edited by Christopher P. Nemeth, Erik Hollnagel
264 #1 - PRODUCTION, PUBLICATION, DISTRIBUTION, MANUFACTURE, AND COPYRIGHT NOTICE
Place of production, publication, distribution, manufacture Farnham Surrey :
Name of producer, publisher, distributor, manufacturer Ashgate Publishing Company,
Date of production, publication, distribution, manufacture, or copyright notice [2014]
300 ## - PHYSICAL DESCRIPTION
Extent xxv, 219 pages :
Other physical details illustrations ;
Dimensions 25 cm
336 ## - CONTENT TYPE
Content type term text
Content type code txt
Source rdacontent
337 ## - MEDIA TYPE
Media type term unmediated
Media type code n
Source rdamedia
338 ## - CARRIER TYPE
Carrier type term volume
Carrier type code nc
Source rdacarrier
490 1# - SERIES STATEMENT
Series statement Ashgate studies in resilience engineering
500 ## - GENERAL NOTE
General note Includes Index
504 ## - BIBLIOGRAPHY, ETC. NOTE
Bibliography, etc. note Includes bibliographical references
650 #0 - SUBJECT ADDED ENTRY--TOPICAL TERM
Topical term or geographic name entry element Reliability (Engineering)
650 #0 - SUBJECT ADDED ENTRY--TOPICAL TERM
Topical term or geographic name entry element Maintainability (Engineering)
650 #0 - SUBJECT ADDED ENTRY--TOPICAL TERM
Topical term or geographic name entry element Fault tolerance (Engineering)
650 #0 - SUBJECT ADDED ENTRY--TOPICAL TERM
Topical term or geographic name entry element Risk assessment
700 1# - ADDED ENTRY--PERSONAL NAME
Personal name Nemeth, Christopher P.,
Relator term editor
700 1# - ADDED ENTRY--PERSONAL NAME
Personal name Hollnagel, Erik,
Dates associated with a name 1941-
Relator term editor
907 ## - LOCAL DATA ELEMENT G, LDG (RLIN)
a .b1041468x
b 11-03-22
c 01-03-22
942 ## - ADDED ENTRY ELEMENTS (KOHA)
Koha item type Ordinary Loan Books
Call number prefix TA169
Call number suffix RES
Holdings
Date last seen Total Checkouts Full call number Barcode Accession number Cost, replacement price Price effective from Koha item type Public note Lost status Source of classification or shelving scheme Damaged status Not for loan Collection Withdrawn status Home library Current library Shelving location Date acquired Source of acquisition Cost, normal purchase price
01/20/2023   TA169 RES 92004051151 16170 30.00 05/16/2023 BOOKS Donation   LCC     NFIC   MAIN MAIN GEN 05/16/2023 Book Aid International 80.00